000 00664nam a2200193 i 4500
001 79645
003 ES-MaACL
005 20250511094119.0
007 t|
008 041022s1947 sp ||||1| spa d
100 1 _aHernando Casajús, Juan-Pablo.
_963099
245 1 0 _aYo quiero que mis versos /
_cJuan-Pablo Hernando Casajús ; pórtico de Fernando Castán Palomar ; ilustraciones de Roberto Maza.
260 _aZaragoza :
_b[s.n.,
_c1947] (
_fBerdejo Casañal)
300 _a128 p. ;
_c17 cm.
700 1 _aCastán Palomar, Fernando,
_d1898-1963
_936390
700 1 _aMaza, Roberto.
_979453
852 _aES-MaACL
_jC-4668
_bR.25117
999 _c79645
_d79645